00501nam a2200169 a 450000100060000000300090000600800410001504000280005608200160008410000300010024500290013026000610015930000100022049000270023065000360025765000380029310593CO-ViMGA141112s2004 ck r 000 u spa d aCO-ViMGAbspacCO-ViMGA04a301.24 N17g1 aNaranjo Villegas ; Abel, 10aGeneraciones Colombianas aBogotá : bBanco de la República de Colombia, c1994 a157p. aBreviarios Colombianos14aCOLOMBIA - CONDICIONES SOCIALES14aCOLOMBIA - HISTORIA - 1760 - 1970